00310nam a2200121Ia 4500008004100000020002200041041000800063082002100071100002100092245002300113260004300136300000900179230519s9999 xx 000 0 und d a978-93-84564-99-5 aeng aX/294/SWA/DB0891 aSwami Prabhupada aSrimad Bhagavantam bBhaktivedanta Book TrustaMumbaic2020 a976p